| 000 | 00742nam a2200217Ia 4500 | ||
|---|---|---|---|
| 003 | GCL | ||
| 008 | 140319s9999 xx 000 0 ara d | ||
| 040 |
_aGCL / _cGCL |
||
| 082 | 0 | 4 |
_aق _b910.16 _bا ق |
| 100 | 1 | _aابندروفر، هانز | |
| 245 | 1 | 0 |
_aالقاهرة 00 حالمة لاتنام / _cابندروفر، هانز |
| 700 | 1 | _aدسوقى سعيد | |
| 260 |
_aالقاهرة : _bالمجلس الاعلى للثقافة ، _c2000 |
||
| 300 |
_a69 ص ؛ _c20 سم |
||
| 490 |
_aالمشروع القومى للترجمة _v184 |
||
| 650 | 0 | 4 | _aادب الرحلات |
| 650 | 0 | 4 | _aالقاهرة |
| 650 | 0 | 4 | _aالقصص العربية - مصر |
| 650 | 0 | 4 | _aالقاهرة - احياء وضواحى |
| 942 |
_2ddc _cBK |
||
| 999 |
_c56357 _d56357 |
||